| 000 | 00587cam a2200205 4500 | ||
|---|---|---|---|
| 008 | 000000n2000 000 0 eng u | ||
| 020 | _a075064740X | ||
| 035 | _a(Sirsi) u116001 | ||
| 050 | _a692.5 | ||
| 110 |
_aV B Johnson and Partners _xEditor |
||
| 245 | _aLaxton's building price book: major and small works 2001 | ||
| 250 | _a173rd ed. | ||
| 260 |
_aOxford _bLaxton's _c2000 |
||
| 300 |
_axliii,757p _c30cm. |
||
| 350 | _a95.00 | ||
| 650 | _aBUILT ENVIRONMENT-BUILDING COSTS | ||
| 650 | _aBUILDING PRICE BOOKS | ||
| 690 | _aBUILT ENVIRONMENT-BUILDING COSTS | ||
| 942 | _n0 | ||
| 999 |
_c101803 _d101803 |
||